| 000 | 00619nam a2200217Ia 4500 | ||
|---|---|---|---|
| 001 | 366 | ||
| 005 | 20240113233411.0 | ||
| 007 | ta | ||
| 008 | 050111s1925 g b000 u eng u | ||
| 040 | _aRef stack | ||
| 041 | _aeng | ||
| 082 |
_a491.303 _bDa 27 Pa |
||
| 100 | _aDavids, T.W.Rhys . | ||
| 245 | 0 |
_aThe Pali text societiy`s : Pali - English dictionary / _cT.W . Rays. Davids & William Stede ed.. _hTextual Documents |
|
| 260 |
_aChipstead : _bThe Pali text society , _c1925. |
||
| 300 |
_a203p. ; _c29cm.. |
||
| 653 | _aPali - English Dictionary | ||
| 942 |
_2ddc _cBK |
||
| 999 |
_c365 _d365 |
||